Top 13 most sold games in history (April 2024) - Statistics

General Stats
  • This quiz has been taken 45 times
  • The average score is 4 of 13
Answer Stats
Hint Answer % Correct
7. Super Mario Bros
83%
1. Minecraft
71%
2. GTA 5
66%
3. Tetris
54%
6. Mario Kart 8
29%
10. Pokémon
29%
4. Wii Sports
26%
5. PUBG
20%
8. Red dead redemption 2
17%
13. Animal crossing
14%
11. Pac-man
14%
9. The Witcher 3
11%
12. Terraria
3%
No matching quizzes found
Score Distribution
Percent of People with Each Score
Percentile by Number Answered
Your Score History
You have not taken this quiz